| 000 | 00375cam a2200145ua 4500 | ||
|---|---|---|---|
| 041 |
_aeng _h |
||
| 082 |
_a632.52 _bCAM/PA |
||
| 100 | _aCameron, Thomas W.M . | ||
| 245 |
_aParasites and parasitism / _cThomas W.M. Cameron. _hTextual Documents |
||
| 260 |
_aLondon : _bMethuen and Co. Ltd , _c1962. |
||
| 300 | _a323 ; . | ||
| 504 | _a | ||
| 942 | _cBK | ||
| 999 |
_c12228 _d12228 |
||